LEADER 02489nam1 22003853i 450 001 BVEE038608 005 20170908093220.0 100 $a20130712d1692 ||||0itac50 ba 101 | $alat 102 $anl 181 1$6z01$ai $bxxxe 182 1$6z01$an 200 1 $a˜Samuelis Bocharti œOpera omnia, hoc est Phaleg, Canaan, et Hierozoicon. Quibus accessere variae dissertationes, hactenus fere omnes ineditae, in quibus multa philologica, geographica, chronologica, historica, &c. multaque Sacrae Scripturae & meliorum omnis generis auctorum loca, eruditissime exponuntur. Praemittitur vita cl. autoris a Stephano Morino litteris mandata ... 205 $aEditio tertia: in qua locupletanda, exornanda, & corrigenda, singulare studium posuerunt Johannes Leusden, ... et Petrus de Villemandy .. 210 $aLugduni Batavorum$capud Cornelium Boutesteyn, & Jordanum Luchtmans$aTrajecti ad Rhenum$capud Guiliemum vande Water$d1692 215 $a3 v.$cill. calcogr.$d2º 300 $aI vol. 2 e 3 contengono lo Hierozoicon; cfr. TO0E028491. 463 1$1001RAVE006091$12001 $a˜\1!: Samuelis Bocharti œGeographia sacra, seu Phaleg et Canaan, cui accedunt variae dissertationes philologicae, geographicae, theologicae, &c. antehac ineditae: ...$v1 620 $dLeida$3BVEL001748 700 1$aBochart$b, Samuel$f <1599-1667>$3UBOV131424$4070$0329263 702 1$aVillemandy$b, Pierre : de$f $3RAVV109705 702 1$aMorin$b, Etienne$f <1625-1700>$3TO0V282693 702 1$aLeusden$b, Johannes$f <1624-1699>$3UBOV126950 712 02$aBoutesteyn, Cornelis & Luchtmans, Jordaan$3PUVV199065$4650 712 02$aWater, Willem van de$f <1686-1728>$3TO0V256099$4650 791 02$aDe Water, Willem Van$3TO0V280984$zWater, Willem van de <1686-1728> 791 02$aWater, Guilielmus Van De$3TO0V280986$zWater, Willem van de <1686-1728> 801 3$aIT$bIT-NA0079$c20130712 850 $aIT-NA0079 912 $aBVEE038608 950 1$aBiblioteca Nazionale Vittorio Emanuele III$bv. 1$cv. 1$d BNV.F. 3 G 8 967 $m1 977 $a BN 996 $aOpera omnia, hoc est Phaleg, Canaan, et Hierozoicon. Quibus accessere variae dissertationes, hactenus fere omnes ineditae, in quibus multa philologica, geographica, chronologica, historica, &c. multaque Sacrae Scripturae & meliorum omnis generis auctorum loca, eruditissime exponuntur. Praemittitur vita cl. autoris a Stephano Morino litteris mandata ..$91481337 997 $aUNISANNIO LEADER 00954cam0 2200253 450 001 E600200053597 005 20210104115821.0 010 $a3050025360 100 $a20090915d1994 |||||ita|0103 ba 101 $ager 102 $aDE 200 1 $aPraktische Vernunft und Vernünftigkeit der Praxis$eHandlungstheorie bei Thomas von Aquin in ihrer Entstehung aus dem Problemkontext der aristotelischen Ethik$fMartin Rhonheimer 210 $aBerlin$cAkademie Verlag$d1994 215 $aXVII,612 p.$d24 cm 700 1$aRhonheimer$b, Martin$3A600200056837$4070$0541344 801 0$aIT$bUNISOB$c20210104$gRICA 850 $aUNISOB 852 $aUNISOB$j100$m85463 912 $aE600200053597 940 $aM 102 Monografia moderna SBN 941 $aM 957 $a100$b009390$gSi$d85463$racquisto$1pregresso1$2UNISOB$3UNISOB$420090915082307.0$520210104115810.0$6Alfano 996 $aPraktische Vernunft und Vernünftigkeit der Praxis$91709002 997 $aUNISOB